Sports Quiz

Random Sports Quiz

Goldberg's Pay Per View Opponents Quiz Stats

 Plays Quiz not verified by Sporcle

Challenge
Share
Tweet
Embed
Score 0/49 Timer 10:00
0 Plays Today
Event Opponent % Correct
Road Wild 1998Kevin Nash
95.7%
Starrcade 1998Kevin Nash
95.7%
Spring Stampede 1999Kevin Nash
95.7%
Bash At The Beach 2000Kevin Nash
95.7%
New Blood RisingKevin Nash
95.7%
SummerSlam 2003Kevin Nash
95.7%
WrestleMania XXBrock Lesnar
93.8%
Armageddon 2003Triple H
92.7%
SumemrSlam 2003Triple H
92.7%
Unforgiven 2003Triple H
92.7%
Survivor Series 2003Triple H
92.7%
Road Wild 1998Scott Hall
88.6%
Souled Out 1999Scott Hall
88.6%
Bad Blood 2003Chris Jericho
85.3%
SummerSlam 2003Chris Jericho
85.3%
Road Wild 1998Sting
84.5%
Slamboree 1999Sting
84.5%
Halloween Havoc 1999Sting
84.5%
Backlash 2003The Rock
81.5%
Halloween Havoc 1998Diamond Dallas Page
78.8%
New Blood RisingScott Steiner
73.9%
Fall Brawl 2000Scott Steiner
73.9%
Armageddon 2003Kane
72%
SummerSlam 2003Shawn Michaels
71.5%
Starrcade 1999Bret Hart
71.2%
Event Opponent % Correct
Road Wild 1999Rick Steiner
69.6%
Road Wild 1998The Giant
69.3%
SummerSlam 2003Randy Orton
68.2%
SinLex Luger
65.2%
Road Wild 1998Lex Luger
64.7%
Mayhem 2000Lex Luger
64.7%
Starrcade 2000Lex Luger
64.7%
Royal Rumble 2004Kurt Angle
57.3%
SinBuff Bagwell
51.9%
Great American Bash 1998Konnan
47.6%
Road Wild 1998Konnan
47.6%
Bash At The Beach 1998Curt Hennig
46.7%
Road Wild 1998Curt Hennig
46.7%
Starrcade 1997Steve McMichael
45.9%
Spring Stampede 1998Perry Saturn
42.4%
Slamboree 1998Perry Saturn
42.4%
Halloween Havoc 1999Sid Vicious
39.4%
Mayhem 1999Sid Vicious
39.4%
Road Wild 1998Scott Norton
38%
Halloween Havoc 2000Brian Adams
36.1%
SuperBrawl IXBam Bam Bigelow
35.1%
Halloween Havoc 2000Bryan Clark
33.4%
Fall Brawl 1999Diamond Dallas Page
25.5%
SuperBrawl VIIIBrad Armstrong
20.4%

You're not logged in!

Compare scores with friends on all Sporcle quizzes.
Join for Free
OR
Log In

You Might Also Like...

Show Comments

Extras

Created Mar 6, 2010ReportNominate
Tags:event, goldberg, opponent, pay, Per View, view

Top Quizzes Today


Score Distribution

Your Account Isn't Verified!

In order to create a playlist on Sporcle, you need to verify the email address you used during registration. Go to your Sporcle Settings to finish the process.

Report this User

Report this user for behavior that violates our Community Guidelines.

Details: